Berserk Volume 4 /

Now that the evil Count has been killed and dragged to Hell by the demon lords of the Godhand, Guts, the Black Swordsman, hooks up with his former benefactor, the mercenary Gambino. But it's a deadly reunion, one that nearly takes Guts' life. The following years see Guts wandering from bat...

Full description

Bibliographic Details
Corporate Author: Library Pass, LLC
Other Authors: Miura, Kentaro (writer.)
Format: eBook
Language:English
Published: [United States] : Dark Horse, 2019.
Subjects:
Online Access:Connect to this electronic book (First time users create your free account)

MARC

Tag First Indicator Second Indicator Subfields
LEADER 00000nmm a22000001a 4500
001 in00004613021
006 m|||||o||m||||||||
007 cr|cn |||uuuuu
008 221118s2019 xxu||||eo|||| ||||||eng d
005 20221207214303.9
035 |a (TxWaIVM)IV76257DaBe 
040 |a TxWaIVM  |c TxWaIVM 
245 0 0 |a Berserk Volume 4 /  |c powered by Library Pass. 
260 3 |a [United States] :  |b Dark Horse,  |c 2019. 
300 |a 1 online resource. 
336 |a text  |b txt  |2 rdacontent 
337 |a computer  |b c  |2 rdamedia 
338 |a online resource  |b cr  |2 rdacarrier 
520 |a Now that the evil Count has been killed and dragged to Hell by the demon lords of the Godhand, Guts, the Black Swordsman, hooks up with his former benefactor, the mercenary Gambino. But it's a deadly reunion, one that nearly takes Guts' life. The following years see Guts wandering from battlefield to battlefield, where his awesome skills as a slayer catch the eye of both warring parties, including the legendary Griffith, warrior leader of the Band of the Hawk, who is eager to test his combat skills against those of the Black Swordsman. As usual, anytime that Guts is involved there will be hell to pay! 
521 |a 3 
538 |a Requires a valid library card and registration for new users. 
538 |a Mode of access: World Wide Web. 
538 |a System requirements: Flash 10.1 or higher, Windows XP and higher, Internet Explorer 7 and higher, Firefox 3.6 and higher, Google Chrome; Max OS 10.5 and higher, Safari 4 and higher. 
650 0 |a Comic books, strips, etc. 
655 7 |a Electronic books.  |2 local 
655 7 |a Comic books, strips, etc.  |2 gsafd 
650 0 |a Fantasy comic books, strips, etc. 
655 7 |a Fantasy comic books, strips, etc.  |2 gsafd 
650 0 |a Horror comic books, strips, etc. 
655 7 |a Horror comic books, strips, etc.  |2 gsafd 
650 0 |a Horror comic books, strips, etc. 
655 7 |a Horror comic books, strips, etc.  |2 gsafd 
650 0 |a Humor 
655 7 |a Humor  |2 gsafd 
650 0 |a Comic books, strips, etc. 
655 7 |a Comic books, strips, etc.  |2 gsafd 
650 0 |a Movie & TV 
655 7 |a Movie & TV  |2 gsafd 
650 0 |a Seinen 
655 7 |a Seinen  |2 gsafd 
700 1 |a Miura, Kentaro.  |e writer. 
700 1 |a Miura, Kentaro.  |e artist. 
710 2 |a Library Pass, LLC. 
856 4 0 |u http://proxy.library.tamu.edu/login?url=https://tamu.librarypass.com/product/com.iversecomics.dark.horse.berserk.volume.4.english.02192019  |z Connect to this electronic book (First time users create your free account)  |t 0 
955 |a Comics Plus. 
999 f f |s 780520e6-8bae-4b0b-96b1-8dc8832cac1d  |i d7c2759d-fc61-4f8c-ab4c-101dec62877a  |t 0 
952 f f |a Texas A&M University  |b College Station  |c Electronic Resources  |d Available Online  |t 0  |h Library of Congress classification 
998 f f |t 0  |l Available Online